00321nam a2200097Ia 45000010005000000080041000050820026000461000066000722450061001382600024001993525241024s9999 xx 000 0 und d a[*SIN CLASIFICACION*] aRepública Dominicana, Secretaría de Estado de Educación 0aGestión Institucional 2008-2012 plan de los 100 días bSanto Domingoc2012